1869 1749 1066 1454 1501 1994 1405 1366 1565 1414 1200 1623 1365 1042 1520 1194 1186 1611 1757 1579 1622 1788 1049 1983 1004 1071 1716 1497 1478 1452 1095 1386 1590 1534 1063 1604 1687 1712 1544 1350 1092 1754 1117 1890 1790 1592 1989 1167 1977 1925 1815 1725 1919 1237 1131 1011 1009 1032 1016 1722 1263 1692 1292 1830 1560 1309 1282 1877 1471 1664 1702 1827 1442 1839 1781 1264 1874 1295 1815 1435 1879 1750 1779 1361 1740 1853 1701 1153 1539 1601 1551 1364 1822 1590 1784 1010 1770 1823 1386 BCNSPRNW ULIB Ver.6.0+V

เปลี่ยนเป็นภาษาไทย

Change to English
 แสดงรายละเอียดบรรณานุกรม
  กลับหน้าหลัก

Brief Record : Get Marc (ISO 2709) : E-mail record : QR code < ปิดหน้าต่าง
LEADER : 00000nam 2200000uu 4500
001    13399109462
003     ULIB
008    110401s2543||||th 000 0 tha d
020    9742937842
041 0  tha
099    วจ.WX150^bพ361ก 2543
245 00 รายงานการวิจัยกรณีศึกษาโรงพยาบาลชุมชน 12แห่งเพื่อกำหนดภาพลักษณ์และกลยุทธ์การพัฒนาโรงพยาบาลชุมชนในสองทศวรรษหน้า /^cโดย อำพล จินดาวัฒนะ ... [และคนอื่นๆ] ; สุทธิสิทธิ์ ไมตรีจิตร์, บรรณาธิการ
246 30 กรณีศึกษาโรงพยาบาลชุมชน 12แห่งเพื่อกำหนดภาพลักษณ์และกลยุทธ์การพัฒนาโรงพยาบาลชุมชนในสองทศวรรษหน้า
260    นนทบุรี :^bสถาบันพระบรมราชชนก,^c2543
300    ก, 233 หน้า ;^c26 ซม.
490 0  ชุดรายงานการศึกษาโรงพยาบาลชุมชน
650  7 การบริหารโรงพยาบาล^vวิจัย
650  7 การปฏิรูประบบสาธารณสุข^vวิจัย
650  7 โรงพยาบาลชุมชน^vวิจัย
650  7 วิจัย
700 0  อำพล จินดาวัฒนะ
700 0  สุทธิสิทธ์ ไมตรีจิตร์,^eบรรณาธิการ
710 2  สถาบันพระบรมราชชนก
945    ^p0^l0^i013562
995    ทศพร
999 ^a ใช้งานได้ทุกระบบ
รายการนี้ยังไม่มีแท็ก
คุณยังไม่ได้ล็อกอิน คุณสามารถมีกิจกรรมร่วมกับเว็บไซต์ได้ แต่ต้องล็อกอินก่อน ::
  ล็อกอิน

รายการสื่อสารสนเทศ

ลำดับที่ ประเภท เลขเรียก/บาร์โค้ด สถานที่ สถานะ
- ไม่พบข้อมูล -

รายการใกล้เคียง
    หัวเรื่อง [วิจัย]

BibComment


ยังไม่เคยถูกคอมเมนท์

คอมเมนท์ทรัพยากรรายการนี้
  คอมเมนท์: รายงานการวิจัยกรณ..


 Copyright 2026. Bcnsprnw @Library